000 00737nam a2200217 a 4500
001 43515
003 BD-RjUL
005 20211209053717.0
008 160622s1963 cau b 001 0 eng
035 _a(BD-RjUL)43633
040 _aDLC
_cODaWU
_dOCoLC
_dDLC
_dBD-RjUL
_beng
041 1 _aengund
082 _a370.15
_222
_bEDU 1963
245 1 0 _aEducational psychology in the U.S.S.R.:
_cpapers by D.N. Bogoiavlenski [et. al...]Translated by Joan Simon. Edited with an introd. by Brian and Joan Simon.
260 _aLondon :
_bRoutledge & Kegan Paul,
_cc1963.
300 _axi, 283 p. ;
_c23 cm.
504 _aIncludes index.
650 0 _aEducational psychology.
_9118078
700 1 _aSimon, Joan,
_ejoint ed.
_9133683
942 _2ddc
_cBK
999 _c43515
_d43515